000
00293nam a22001337a 4500
008
260305b ||||| |||| 00| 0 eng d
020
_a
9780007268702
041
_a
eng
080
_a
2.1
100
_a
20.1
101
_a
revist
245
_a
united States
_c
Derrick Murphy
942
_2
lcc
_c
BK
999
_c
60875
_d
60875